00863nam a2200169Ia 4500008004100000040001800041041000800059110005000067245012700117260007000244300005200314500024100366650001800607650001100625700002700636700003000663130821s xx gs spa  aCo-BoUCMbspa00aspa2 aColegio Mayor de Nuestra Señora del Rosario10aForo de despenalización de la dosis personal de drogac[videograbación]cColegio Mayor de Nuestra Señora del Rosario a[Lugar desconocido]b[Editorial desconocida]c[fecha desconocida] a1 videocasette beta 1 hora 56 min. - vhse1 DVD aContiene conferencia con el Dr. Enrique Gómez Hurtado expone sobre fundamentos del fallo. Cómo con la despenalización se puede atacar al narcotráfico. Establece cómo el pensar, sentir y morir son actos que decide cada persona.04aDerecho penal04aDrogas1 aGaviria Díaz, Carlos1 aVega Pinzón, Gabriel de